000 00332nam a2200133 i 4500
001 bg
100 1 _aMIKULICZ, Sergiusz
245 0 _aKłajdepa w polityce europejskiej 1918-1939 /
_cSergiusz Mikulicz.
260 _aWarszawa,
_c1976.
040 _cBPK
041 _apol
942 _cKS
008 s pl f |000 0 pol
999 _c17406
_d17406
856 _uhttp://koha.tu.koszalin.pl/cgi-bin/koha/opac-detail.pl?biblionumber=17406
_yKatalog online BPK